Normal view
MARC view
Entry Personal Name
001 - CONTROL NUMBER
- control field: 42471
003 - CONTROL NUMBER IDENTIFIER
- control field: OSt
005 - DATE AND TIME OF LATEST TRANSACTION
- control field: 20240531092448.0
008 - FIXED-LENGTH DATA ELEMENTS
- fixed length control field: 240531|| aca||aabn | a|a d
040 ## - CATALOGING SOURCE
- Original cataloging agency: OSt
- Transcribing agency: OSt
100 ## - HEADING--PERSONAL NAME
- Personal name: ထွန်းရည်၊
- Titles and other words associated with a name: ဦး၊ အယ်ဒီတာ၊ ကြီးကြပ်ပြင်ဆင်သူ-
670 ## - SOURCE DATA FOUND
- Source citation: Work cat.: (OSt): ဉာဏ၊ အရှင်, ဓမ္မရုံးတော်ဉာဏ်မဟော် /, ၁၉၇၃။